000 00514nam a2200181Ia 4500
005 20250326145219.0
008 250326s9999 xx 000 0 und d
037 _aTextbook
040 _aFMSL
_beng
_cFMSL
041 _aeng
_2eng
084 _aSNIobX:8 P8.4
_qFMSL
100 _aCooper C L
_9126408
245 0 _aNew directions in organizational behavior
_cCooper C L
260 _aNew Delhi
_bNew Delhi, Sage
_c2008
490 _v4
942 _cTB
_hSNIobX:8 P8.4
999 _c1306778
_d1306778